Представление документа в формате MARC21

Поле Инд. ПП Название Значение
Тип записи a
Библиографический уровень b
001 Контрольный номер RU/IS/BASE/113054867
005 Дата корректировки 20200522190808.5
084 a Индекс другой классификации/Индекс ББК 60.51(7США)6
a Индекс другой классификации/Индекс ББК 60.52
a Индекс другой классификации/Индекс ББК 60.507
a Индекс другой классификации/Индекс ББК 60.032.2
100 1_ a Автор Рахманов А. Б.
245 a Заглавие Современные теории глобального общества: И. Валлерстайн, Дж. Модельски, Дж. Гольдстайн
504 a Библиография Библиогр. ссылки. - Примеч.
600 a Персоналии Валлерстайн Иммануил
a Персоналии Гольдстайн Джошуа
a Персоналии Модельски Джордж
650 a Основная рубрика история социологии
a Основная рубрика социальная философия
a Основная рубрика социология
a Основная рубрика философия
653 a Ключевые слова XX век
a Ключевые слова военная социология
a Ключевые слова войны
a Ключевые слова вооруженные силы
a Ключевые слова глобальная политическая система
a Ключевые слова глобальное общество
a Ключевые слова глобальные державы
a Ключевые слова капиталистическая система
a Ключевые слова международные отношения
a Ключевые слова миосистемная теория
a Ключевые слова мировая система
a Ключевые слова мировые державы
a Ключевые слова мировые политические системы
a Ключевые слова насилие
a Ключевые слова общество
a Ключевые слова политическая социология
a Ключевые слова политические системы
a Ключевые слова политология
a Ключевые слова социально-историческое развитие
a Ключевые слова социальные системы
a Ключевые слова социологические теории
a Ключевые слова США
a Ключевые слова теория длинных волн
a Ключевые слова типы насилия
a Ключевые слова цикличность развития
a Ключевые слова циклы общества
a Ключевые слова экономико-политические взаимосвязи
a Ключевые слова экономико-политические циклы
a Ключевые слова экономические факторы политики
773 t Заглавие источника Вестник Московского университета. Серия 18, Социология и политология
d Дата издания источника 2003
g Прочая информация № 2. - С. 85 - 126 : табл., схем.
w Контрольный № источника RU/IS/BASE/111079824
901 t Тип документа b